| 000 | 00000nam##2200000za#4500 |
| 001 | 9.591370 |
| 003 | CaOODSP |
| 005 | 20210624200613 |
| 007 | cr ||||||||||| |
| 008 | 150406|2002||||xxc|||||o f|0| 0 fre|d |
| 020 | |a0-662-89370-0 |
| 040 | |aCaOODSP|bfre |
| 043 | |an-cn--- |
| 086 | 1 |aRH63-2/201-12-02F-PDF |
| 110 | 1 |aCanada.|bDéveloppement des ressources humaines Canada. |
| 245 | 10|aÉvaluation sommative du Bureau des technologies d'apprentissage : |h[ressource électronique]|brapport final |
| 260 | |aOttawa - Ontario : |bDéveloppement des ressources humaines Canada |cDécembre 2002. |
| 300 | |a90p.|bgraphiques, tableaux |
| 490 | 1 |aÉvaluation et développement|vSP-AH-201-12-02F |
| 590 | |a13-05-Supp|b2013-02-27 |
| 775 | 08|tSummative evaluation of the Office of Learning Technologies : |w(CaOODSP)9.558525 |
| 830 | #0|aÉvaluation et développement ;|vSP-AH-201-12-02F|w(CaOODSP)9.501127 |
| 856 | 40|ahttp://publications.gc.ca|qPDF|s640 Ko|uhttps://publications.gc.ca/collections/collection_2013/rhdcc-hrsdc/RH63-2-201-12-02-fra.pdf|ySP-AH-201-12-02F |